| 000 | 00616nam a2200205 a 4500 | ||
|---|---|---|---|
| 001 | 284 | ||
| 003 | CDMR | ||
| 005 | 20131213162611.0 | ||
| 008 | 130130s1992||||||||||||||||||||||||||||d | ||
| 020 | _a8431312181 | ||
| 040 |
_aCDMR _bcat _cCDMR |
||
| 100 | 1 |
_aDonoso Cortés, Juan _9205 |
|
| 245 | 1 | 0 |
_aArtículos políticos en "El Porvenir" (1837) _cJuan Donoso Cortés ; introducción por Federico Suárez |
| 260 |
_aPamplona _c1992 _bEUNSA |
||
| 300 |
_a495 p ; _c22 cm |
||
| 490 | 0 |
_aColección Histórica _v50 |
|
| 650 | 0 | 4 |
_9458 _aPolítica _vReculls d'escrits |
| 700 | 1 |
_aSuarez, Federico _epr. _9207 |
|
| 942 |
_cMON _2udc |
||
| 999 |
_c284 _d284 |
||